| 000 -LEADER |
| fixed length control field |
01573pab a2200205 454500 |
| 008 - FIXED-LENGTH DATA ELEMENTS--GENERAL INFORMATION |
| fixed length control field |
180718b2017 xxu||||| |||| 00| 0 eng d |
| 100 ## - MAIN ENTRY--PERSONAL NAME |
| Personal name |
Siciliano, Michael D. |
| 245 ## - TITLE STATEMENT |
| Title |
Professional networks and street-level performance: how public school teachers' advice networks influence student performance |
| 260 ## - PUBLICATION, DISTRIBUTION, ETC. |
| Date of publication, distribution, etc. |
2017 |
| 300 ## - PHYSICAL DESCRIPTION |
| Extent |
p.79-101. |
| 362 ## - DATES OF PUBLICATION AND/OR SEQUENTIAL DESIGNATION |
| Dates of publication and/or sequential designation |
Jan |
| 520 ## - SUMMARY, ETC. |
| Summary, etc. |
Given the complexity of their work, street-level bureaucrats rely on their professional networks to access implementation resources and information. Despite the acknowledged importance of these networks, little research exists on how network structure and composition influence frontline performance. This study analyzes a unique data set that includes the professional networks of more than 420 teachers in 21 public schools along with 3 years of administrative data on student test scores and student demographics. Using value-added models derived from the student test data, objective measures of teacher performance were calculated. The results suggest that street-level performance is influenced by both network structure and composition. Thus, the actions of street-level workers are not independent responses to individual dilemmas, but rather are developed and shaped by specific features of the social structure in which the individual bureaucrat is embedded. |
| 650 ## - SUBJECT ADDED ENTRY--TOPICAL TERM |
| Topical term or geographic name entry element |
Knowledge management |
| 650 ## - SUBJECT ADDED ENTRY--TOPICAL TERM |
| Topical term or geographic name entry element |
Performance appraisal |
| 650 ## - SUBJECT ADDED ENTRY--TOPICAL TERM |
| Topical term or geographic name entry element |
Students |
| 650 ## - SUBJECT ADDED ENTRY--TOPICAL TERM |
| Topical term or geographic name entry element |
Schools |
| 650 ## - SUBJECT ADDED ENTRY--TOPICAL TERM |
| Topical term or geographic name entry element |
Teachers |
| 773 ## - HOST ITEM ENTRY |
| Main entry heading |
American Review of Public Administration |
| 909 ## - |
| -- |
114223 |